MESTSKÁ KNIŽNICA GIRALTOVCE  - online katalóg 

Zobrané spisy. /Zv./ 17 (Record no. 15438)

000 -NÁVESTIE
fixed length control field 00799nam a2200217 a 4500
008 - ÚDAJE S PEVNOU DĹŽKOU – VŠEOBECNÉ INFORMÁCIE
fixed length control field 951123s1983||||[C 0 slo c
020 ## - MEDZINÁRODNÉ ŠTANDARDNÉ ČÍSLO KNIHY (ISBN)
Údaje o dostupnosti 18 Kčs.
Qualifying information (18000 výtl.)
040 ## - ZDROJ KATALOGIZÁCIE
Pôvodná katalogizujúca agentúra SNK
Jazyk katalogizácie slo
Prepisujúca agentúra SNK
Konvencie popisu AACR2
041 1# - KÓD JAZYKA
Kód jazyka textu/zvukovej stopy alebo samostatných nápisov slo
Kód jazyka originálu a/alebo sprostredkujúcich prekladov textu rus
044 ## - KÓD KRAJINY VYDAVATEĽA/PRODUCENTA
Kód krajiny MARC xo
Kód krajiny ISO SK
080 ## - ČÍSLO MEDZINÁRODNÉHO DESATINNÉHO TRIEDENIA (MDT)
Číslo Medzinárodného desatinného triedenia (MDT) 1 100.1(081.1)
100 1# - OSOBNÉ MENÁ – VŠEOBECNÉ INFORMÁCIE
Osobné meno Lenin, Vladimir Iľjič
Kód roly aut
245 10 - NÁZOV
Názov Zobrané spisy. /Zv./ 17
Zvyšok názvu Marec 1908 - jún 1909
Údaj o zodpovednosti atď. Vladimir Iľjič Lenin ; Izabela Kunová, Oto Takáč
250 ## - ÚDAJ O PORADÍ VYDANIA
Údaj o poradí vydania 2., vyd.
260 ## - VYDAVATEĽSKÉ ÚDAJE, DISTRIBÚCIA ATĎ.
Miesto publikovania, distribúcie atď. Bratislava
Názov vydavateľa, distibútora atď. Pravda
Dátum publikovania, distribúcie atď. 1983
Miesto výroby Bratislava
Výrobca Pravda
300 ## - FYZICKÝ POPIS
Rozsah 744 s., 34,00 AH
Ďalšie fyzické detaily Tb.
Rozmery 21 cm
500 ## - VŠEOBECNÁ POZNÁMKA
Formátovaná poznámka o obsahu Lit. 66. Zozn. prác V. I. Lenina. Pozn. Reg. lit. prác a prameňov. Men. reg. Životopis. údaje. Faksim. rkp. 66 zázn. v slov.
700 1# - PRIDANÝ VSTUP – OSOBNÉ MENO
Osobné meno Kunová, Izabela
Kód roly trl
700 1# - PRIDANÝ VSTUP – OSOBNÉ MENO
Osobné meno Takáč, Oto
Kód roly bkd
958 ## - Formálny deskriptor
Formálny deskriptor A
Holdings
Stav stiahnutia (Blokovanie) (Withrawn status) Stav straty Stav poškodenia (Damaged status) Nie pre výpožičky (Not for loan) Spôsob nadobudnutia (Collection code) Trvalé umiestnenie Aktuálne umiestnenie Dátum nadobudnutia Náklady, bežná kúpna cena Inventárne číslo (prírastkové číslo) Full call number Dátum posledného výskytu Cena s účinnosťou od Typ jednotky Koha
Vyradený       Kúpa Mestská knižnica Giraltovce Mestská knižnica Giraltovce 2019-11-29 18.00 14463 K 016 2019-11-29 2019-11-29 Odborná literatúra pre dospelých

Powered by Koha